[Event "Sant Andreu Tram-B"]
[Site "Barcelona"]
[Date "2019.10.12"]
[Round "4"]
[White "Povill Claros, Laura"]
[Black "Iborra Polo, Eric"]
[Result "1-0"]
[WhiteElo "1822"]
[BlackElo "1791"]
[PlyCount "21"]
[EventDate "2019.09.14"]
[EventType "tourn"]
[EventRounds "9"]
[EventCountry "ESP"]
[SourceTitle "CBM 195 Extra"]
[Source "ChessBase"]
[SourceDate "2020.05.31"]
[SourceVersion "1"]
[SourceVersionDate "2020.05.31"]
[SourceQuality "1"]

1. e4 c5 2. Nf3 Nc6 3. Bb5 e5 4. 0-0 Bd6 5. d3 Nge7 6. a3 0-0 7. Nc3 Qc7 8. Bc4 Kh8 9. Ng5 g6 10. Nxf7+ Kg7 11. Bh6+ 1-0

[Event "La Pobla de Lillet op-A 29th"]
[Site "La Pobla de Lillet"]
[Date "2019.08.08"]
[Round "7"]
[White "Povill Claros, Laura"]
[Black "Perez Garcia, Adria"]
[Result "1/2-1/2"]
[WhiteElo "1678"]
[BlackElo "2196"]
[PlyCount "161"]
[EventDate "2019.08.02"]
[EventType "swiss"]
[EventRounds "9"]
[EventCountry "ESP"]
[SourceTitle "EXT 2020"]
[Source "ChessBase"]
[SourceDate "2019.10.17"]
[SourceVersion "1"]
[SourceVersionDate "2019.10.17"]
[SourceQuality "1"]

1. e4 c6 2. d4 d5 3. exd5 cxd5 4. Bd3 Nc6 5. c3 Nf6 6. Bf4 g6 7. Nf3 Bg7 8. 0-0 0-0 9. Nbd2 Nh5 10. Be3 Qd6 11. Rc1 Nf4 12. Bb1 Bg4 13. h3 Bd7 14. Nb3 Qf6 15. Nc5 Bc8 16. Nh2 b6 17. Nd3 Nxd3 18. Bxd3 Bf5 19. Ng4 Qe6 20. Nh6+ Bxh6 21. Bxh6 Rfe8 22. Bb5 a6 23. Re1 Qd7 24. Bxc6 Qxc6 25. g4 Bd7 26. Bg5 Qd6 27. Qf3 f6 28. Bf4 e5 29. dxe5 fxe5 30. Bg3 Re7 31. Rcd1 Bc6 32. Qe3 Rae8 33. Qxb6 d4 34. cxd4 Rb7 35. Qc5 Qxc5 36. dxc5 Rxb2 37. a3 e4 38. Rd6 Rc8 39. Be5 Rb3 40. Re3 Rb1+ 41. Kg2 Rc1 42. Re6 Kf7 43. Rf6+ Ke7 44. g5 Bd5 45. Bd6+ Kd7 46. Rf8 Rxf8 47. Bxf8 Kc6 48. Bd6 Bc4 49. f3 exf3+ 50. Kxf3 Rf1+ 51. Kg2 Rf5 52. h4 Bd5+ 53. Kg3 Rf1 54. Re7 Rf3+ 55. Kh2 Rxa3 56. Rxh7 Ra2+ 57. Kg3 a5 58. Rc7+ Kb5 59. Kf4 Rh2 60. Kg3 Re2 61. Rg7 Re3+ 62. Kf2 Re4 63. Rxg6 Rxh4 64. Be7 Bc6 65. Re6 Rg4 66. Re1 a4 67. Rb1+ Kc4 68. Rb6 Kd5 69. Ra6 Re4 70. Bf6 Kxc5 71. Ra5+ Kb4 72. Ra7 Rg4 73. Ke3 a3 74. Be7+ Kc4 75. Bxa3 Rxg5 76. Be7 Rg7 77. Rc7 Kd5 78. Bd8 Rg8 79. Bh4 Kd6 80. Ra7 Ra8 81. Rxa8 1/2-1/2

[Event "La Pobla de Lillet op-A 29th"]
[Site "La Pobla de Lillet"]
[Date "2019.08.05"]
[Round "4"]
[White "Garcia Escoda, Marc"]
[Black "Povill Claros, Laura"]
[Result "1/2-1/2"]
[WhiteElo "2067"]
[BlackElo "1678"]
[PlyCount "103"]
[EventDate "2019.08.02"]
[EventType "swiss"]
[EventRounds "9"]
[EventCountry "ESP"]
[SourceTitle "EXT 2020"]
[Source "ChessBase"]
[SourceDate "2019.10.17"]
[SourceVersion "1"]
[SourceVersionDate "2019.10.17"]
[SourceQuality "1"]

1. c4 c5 2. Nc3 Nc6 3. Nf3 g6 4. e3 Nf6 5. d4 cxd4 6. exd4 d5 7. b3 Bg7 8. h3 0-0 9. Be2 Ne4 10. Bb2 Qa5 11. Rc1 Bh6 12. 0-0 Bxc1 13. Qxc1 Nxc3 14. Bxc3 Qxa2 15. Bd3 Kg7 16. cxd5 Na5 17. d6 exd6 18. d5+ f6 19. Qe1 Rf7 20. Ng5 Qxb3 21. Qe8 Qxd5 22. Qxf7+ Qxf7 23. Nxf7 Kxf7 24. Bxa5 Be6 25. Rb1 Bd5 26. Bb4 Ke7 27. Re1+ Kd7 28. Bc3 Rf8 29. Bd4 a6 30. Rc1 b5 31. g4 Bf3 32. Kh2 Bd5 33. Kg3 Bb7 34. f4 f5 35. gxf5 gxf5 36. Kh4 Be4 37. Bf1 Rg8 38. Ra1 Bb7 39. Bd3 Ke6 40. Re1+ Be4 41. Bc2 Rg6 42. Bb3+ d5 43. Rg1 Rxg1 44. Bxg1 a5 45. Kg5 a4 46. Ba2 b4 47. Bd4 Kf7 48. Kh6 Kg8 49. h4 b3 50. Bxb3 axb3 51. Bb2 Bf3 52. Kg5 1/2-1/2

[Event "Foment Martinenc op-A 21st"]
[Site "Barcelona"]
[Date "2019.06.01"]
[Round "6"]
[White "Povill Claros, Laura"]
[Black "Salazar Navas, Josep"]
[Result "0-1"]
[WhiteElo "1794"]
[BlackElo "1613"]
[PlyCount "86"]
[EventDate "2019.04.27"]
[EventType "swiss"]
[EventRounds "9"]
[EventCountry "ESP"]
[SourceTitle "EXT 2020"]
[Source "ChessBase"]
[SourceDate "2019.10.17"]
[SourceVersion "1"]
[SourceVersionDate "2019.10.17"]
[SourceQuality "1"]

1. e4 d5 2. exd5 Nf6 3. d4 Nxd5 4. Nf3 g6 5. Be2 Bg7 6. c4 Nb6 7. Nc3 0-0 8. h3 Nc6 9. Be3 e5 10. d5 Ne7 11. 0-0 h6 12. Rc1 Nf5 13. Bc5 Re8 14. Ne4 Nd6 15. Nxd6 cxd6 16. Bb4 Bf5 17. Bc3 Rc8 18. Ba5 Qe7 19. Qb3 e4 20. Nh2 Nd7 21. Bg4 Bxg4 22. Nxg4 h5 23. Ne3 Ne5 24. Bc3 b6 25. Kh1 Qh4 26. Qa3 Qe7 27. Bb4 Rcd8 28. Rc2 a5 29. Bc3 Qh4 30. Bd4 Nd3 31. Bxg7 Kxg7 32. Qc3+ Kg8 33. Qd4 Rb8 34. Rd2 Nf4 35. f3 Re5 36. fxe4 Rbe8 37. Qxb6 Rxe4 38. Qxd6 R8e5 39. Rdf2 Rxe3 40. Rxf4 Rxh3+ 41. gxh3 Qxh3+ 42. Kg1 Rg5+ 43. Kf2 Rg2+ 0-1

[Event "Foment Martinenc op-A 21st"]
[Site "Barcelona"]
[Date "2019.05.18"]
[Round "4"]
[White "Povill Claros, Laura"]
[Black "Bieg Pagel, Clemens"]
[Result "1/2-1/2"]
[WhiteElo "1794"]
[BlackElo "1802"]
[PlyCount "93"]
[EventDate "2019.04.27"]
[EventType "swiss"]
[EventRounds "9"]
[EventCountry "ESP"]
[SourceTitle "EXT 2020"]
[Source "ChessBase"]
[SourceDate "2019.10.17"]
[SourceVersion "1"]
[SourceVersionDate "2019.10.17"]
[SourceQuality "1"]

1. e4 c5 2. Nf3 e6 3. d4 cxd4 4. Nxd4 a6 5. c4 Qc7 6. Nc3 Nf6 7. f3 Bb4 8. Qc2 0-0 9. Be2 d5 10. cxd5 exd5 11. Bd2 Qe5 12. Nb3 Nc6 13. f4 Qe6 14. e5 Bxc3 15. Bxc3 Ne4 16. 0-0 Qg6 17. Bd3 Bf5 18. Rae1 Rac8 19. Qb1 Nxc3 20. Bxf5 Nxb1 21. Bxg6 hxg6 22. Rxb1 Nb4 23. a3 Nc2 24. Rfd1 Rfd8 25. Rbc1 Ne3 26. Rxc8 Rxc8 27. Rd3 Nc4 28. Rxd5 Nxb2 29. Rc5 Rxc5 30. Nxc5 Nc4 31. a4 b5 32. axb5 axb5 33. Kf2 g5 34. g3 gxf4 35. gxf4 Kh7 36. Nd3 Kg6 37. Kf3 Kf5 38. Nb4 g5 39. Nc6 gxf4 40. Nd4+ Kxe5 41. Nxb5 Kf5 42. Nd4+ Ke5 43. Nc6+ Kf5 44. Nd4+ Kg5 45. h4+ Kxh4 46. Kxf4 Nd6 47. Nf5+ 1/2-1/2

[Event "Foment Martinenc op-A 21st"]
[Site "Barcelona"]
[Date "2019.04.27"]
[Round "1"]
[White "Povill Claros, Laura"]
[Black "Travesset Sagre, Jan"]
[Result "0-1"]
[WhiteElo "1794"]
[BlackElo "2019"]
[PlyCount "124"]
[EventDate "2019.04.27"]
[EventType "swiss"]
[EventRounds "9"]
[EventCountry "ESP"]
[SourceTitle "EXT 2020"]
[Source "ChessBase"]
[SourceDate "2019.10.17"]
[SourceVersion "1"]
[SourceVersionDate "2019.10.17"]
[SourceQuality "1"]

1. e4 c6 2. d4 d5 3. Nc3 dxe4 4. Nxe4 Bf5 5. Nc3 e6 6. a3 Nf6 7. Bf4 Bd6 8. Bxd6 Qxd6 9. h3 Nbd7 10. Nf3 Nd5 11. Nxd5 cxd5 12. Bd3 Bxd3 13. Qxd3 0-0 14. 0-0 Rac8 15. c3 Rc7 16. Rae1 Rb8 17. Ne5 Nxe5 18. Rxe5 b5 19. f4 f6 20. Re2 Re7 21. Kh1 a6 22. f5 e5 23. Qg3 Rbe8 24. dxe5 Rxe5 25. Rd2 Qc5 26. Qf3 Re1 27. Rd1 Rxf1+ 28. Rxf1 Re5 29. Qf2 Qxf2 30. Rxf2 Kf7 31. g4 Ke7 32. Kg2 Kd6 33. Kf3 Kc5 34. Rd2 a5 35. Rd4 a4 36. Rd2 Re4 37. Rd1 Kd6 38. Rd3 Re1 39. Rd2 Rf1+ 40. Kg2 Rf4 41. Kg3 Ke5 42. Re2+ Re4 43. Rd2 d4 44. cxd4+ Rxd4 45. Re2+ Re4 46. Rd2 Re3+ 47. Kg2 Rb3 48. Re2+ Kd4 49. Rd2+ Ke3 50. Rc2 Kd3 51. Rf2 b4 52. axb4 Rxb4 53. Kf3 Rc4 54. Kg3 Re4 55. h4 Re3+ 56. Kf4 Re2 57. Rf3+ Kc4 58. Ra3 Kb4 59. Ra2 Rh2 60. h5 Rc2 61. Ke3 Rc4 62. Kf3 Kb3 0-1

[Event "Barcelona Sant Marti op-B 20th"]
[Site "Barcelona"]
[Date "2018.07.16"]
[Round "4"]
[White "Ankit, Dalal"]
[Black "Povill Claros, Laura"]
[Result "0-1"]
[WhiteElo "1591"]
[BlackElo "1802"]
[PlyCount "84"]
[EventDate "2018.07.13"]
[EventType "swiss"]
[EventRounds "9"]
[EventCountry "ESP"]
[SourceTitle "EXT 2019"]
[Source "ChessBase"]
[SourceDate "2018.10.10"]
[SourceVersion "1"]
[SourceVersionDate "2018.10.10"]
[SourceQuality "1"]

1. e4 c5 2. Nf3 Nc6 3. c3 Nf6 4. e5 Nd5 5. d4 cxd4 6. cxd4 e6 7. Nc3 Nxc3 8. bxc3 d6 9. Ba3 Qa5 10. Qb3 dxe5 11. Bxf8 Kxf8 12. Bb5 Nxd4 13. Nxd4 exd4 14. Rc1 a6 15. Be2 Ke7 16. 0-0 b5 17. cxd4 Bb7 18. Qg3 Rhc8 19. Rxc8 Rxc8 20. Qxg7 b4 21. Qxh7 Qg5 22. Qh3 Rc3 23. g3 Rc2 24. Qh5 Qxh5 25. Bxh5 Rxa2 26. Rb1 b3 27. Bd1 b2 28. Bc2 Ra1 29. Kf1 Bd5 30. Ke2 Rxb1 31. Bxb1 a5 32. Kd2 a4 33. Bd3 Ba2 34. Kc3 b1Q 35. Bxb1 Bxb1 36. Kb4 Bc2 37. h4 Bd1 38. g4 Bxg4 39. Kxa4 Kd6 40. Kb4 Kd5 41. Kc3 Ke4 42. Kc4 Kf3 0-1

[Event "Foment Martinenc op-A 20th"]
[Site "Barcelona"]
[Date "2018.06.09"]
[Round "8"]
[White "Aguadero Casado, Jorge Ignacio"]
[Black "Povill Claros, Laura"]
[Result "0-1"]
[WhiteElo "1659"]
[BlackElo "1839"]
[PlyCount "70"]
[EventDate "2018.04.21"]
[EventType "swiss"]
[EventRounds "9"]
[EventCountry "ESP"]
[SourceTitle "CBM 184 Extra"]
[Source "ChessBase"]
[SourceDate "2018.06.28"]
[SourceVersion "1"]
[SourceVersionDate "2018.06.28"]
[SourceQuality "1"]

1. c4 c5 2. g3 g6 3. Bg2 Bg7 4. e3 Nf6 5. Ne2 0-0 6. 0-0 Nc6 7. Nbc3 d6 8. d4 cxd4 9. exd4 Bd7 10. Re1 Rc8 11. b3 Re8 12. Bb2 Qb6 13. Na4 Qc7 14. Nf4 a6 15. c5 dxc5 16. dxc5 Bf5 17. Qe2 Rcd8 18. Rad1 Rxd1 19. Rxd1 Bg4 20. Bf3 Bxf3 21. Qxf3 Rd8 22. Rxd8+ Qxd8 23. Nb6 Qd2 24. Qe2 Qxe2 25. Nxe2 Ne4 26. Bxg7 Kxg7 27. Nd7 Nb4 28. f3 Nd2 29. Kf2 Nxa2 30. Ke3 Nxb3 31. Nd4 Nxd4 32. Kxd4 Nb4 33. Ne5 Nc6+ 34. Nxc6 bxc6 35. Kc4 Kf6 0-1

[Event "Foment Martinenc op-A 20th"]
[Site "Barcelona"]
[Date "2018.05.19"]
[Round "5"]
[White "Vargas Drechsler, Carlos"]
[Black "Povill Claros, Laura"]
[Result "1-0"]
[WhiteElo "1953"]
[BlackElo "1839"]
[PlyCount "47"]
[EventDate "2018.04.21"]
[EventType "swiss"]
[EventRounds "9"]
[EventCountry "ESP"]
[SourceTitle "CBM 184 Extra"]
[Source "ChessBase"]
[SourceDate "2018.06.28"]
[SourceVersion "1"]
[SourceVersionDate "2018.06.28"]
[SourceQuality "1"]

1. d4 Nf6 2. Nc3 d5 3. Bg5 Ne4 4. Nxe4 dxe4 5. c3 g6 6. Qd2 Bg7 7. Bh6 0-0 8. h4 Nd7 9. h5 Nf6 10. hxg6 fxg6 11. Bxg7 Kxg7 12. Qh6+ Kf7 13. e3 Be6 14. f3 Rh8 15. fxe4 Nxe4 16. Nf3 Qf8 17. Qf4+ Bf5 18. g4 Nd6 19. gxf5 gxf5 20. Ng5+ Ke8 21. Ne6 Qf7 22. Nxc7+ Kd7 23. Nxa8 Rxa8 24. Bd3 1-0

[Event "Foment Martinenc op-A 20th"]
[Site "Barcelona"]
[Date "2018.05.05"]
[Round "3"]
[White "Povill Claros, Laura"]
[Black "Fernandez Aguilar, Francisco"]
[Result "0-1"]
[WhiteElo "1839"]
[BlackElo "2063"]
[PlyCount "74"]
[EventDate "2018.04.21"]
[EventType "swiss"]
[EventRounds "9"]
[EventCountry "ESP"]
[SourceTitle "CBM 184 Extra"]
[Source "ChessBase"]
[SourceDate "2018.06.28"]
[SourceVersion "1"]
[SourceVersionDate "2018.06.28"]
[SourceQuality "1"]

1. e4 c5 2. Nf3 d6 3. Bb5+ Nd7 4. 0-0 a6 5. Bxd7+ Bxd7 6. d4 cxd4 7. Nxd4 Nf6 8. Nc3 e6 9. Be3 Be7 10. f3 0-0 11. Nce2 Qc7 12. Rc1 d5 13. exd5 Nxd5 14. Bf2 Rfd8 15. c3 e5 16. Nb3 Bf5 17. Qe1 Bd3 18. Rd1 Nf4 19. Nbc1 Bxe2 20. Nxe2 Nd3 21. Rxd3 Rxd3 22. Nc1 Rd5 23. Nb3 Rad8 24. Qe2 Qd6 25. Bg3 Bf6 26. f4 exf4 27. Bxf4 Be5 28. c4 Bxf4 29. cxd5 Bxh2+ 30. Kh1 Qh6 31. Qg4 Bg3+ 32. Qh3 Qxh3+ 33. gxh3 Rxd5 34. Rc1 g6 35. Nc5 Rd2 36. Nxb7 Rh2+ 37. Kg1 Rxb2 0-1

[Event "Foment Martinenc op-A 20th"]
[Site "Barcelona"]
[Date "2018.04.28"]
[Round "2"]
[White "Moya Nunez, Pau Salvador"]
[Black "Povill Claros, Laura"]
[Result "0-1"]
[WhiteElo "1895"]
[BlackElo "1839"]
[PlyCount "78"]
[EventDate "2018.04.21"]
[EventType "swiss"]
[EventRounds "9"]
[EventCountry "ESP"]
[SourceTitle "CBM 184 Extra"]
[Source "ChessBase"]
[SourceDate "2018.06.28"]
[SourceVersion "1"]
[SourceVersionDate "2018.06.28"]
[SourceQuality "1"]

1. e4 c5 2. Nc3 Nc6 3. g3 g6 4. Bg2 Bg7 5. d3 d6 6. Be3 Rb8 7. Qd2 b5 8. f4 b4 9. Nd1 Bb7 10. Nf3 Nf6 11. h3 0-0 12. 0-0 Nd7 13. f5 Nde5 14. Bh6 a5 15. Bxg7 Kxg7 16. Ne3 Nxf3+ 17. Bxf3 Ne5 18. g4 a4 19. g5 f6 20. h4 fxg5 21. hxg5 gxf5 22. Bh1 e6 23. Qg2 Kg6 24. Rf4 Qxg5 25. Raf1 Qxg2+ 26. Bxg2 Rf6 27. R4f2 f4 28. Rxf4 Rbf8 29. Nf5 exf5 30. exf5+ Rxf5 31. Rxf5 Rxf5 32. Bxb7 Rxf1+ 33. Kxf1 Kg5 34. Be4 h5 35. Kg2 Kg4 36. c3 bxc3 37. bxc3 Kf4 38. Kf2 c4 39. Ke2 cxd3+ 0-1

[Event "ESP-chT Regional U14"]
[Site "Padron"]
[Date "2017.06.24"]
[Round "4.4"]
[White "Zhou, Lulu"]
[Black "Povill Claros, Laura"]
[Result "1-0"]
[WhiteElo "1964"]
[BlackElo "1788"]
[PlyCount "75"]
[EventDate "2017.06.22"]
[EventType "team"]
[EventRounds "6"]
[EventCountry "ESP"]
[SourceTitle "EXT 2018"]
[Source "ChessBase"]
[SourceDate "2017.10.13"]
[SourceVersion "1"]
[SourceVersionDate "2017.10.13"]
[SourceQuality "1"]
[WhiteTeam "Madrid (U14)"]
[BlackTeam "Catalunya (U14)"]
[WhiteTeamCountry "ESP"]
[BlackTeamCountry "ESP"]

1. e4 c5 2. Nf3 Nc6 3. d4 cxd4 4. Nxd4 g6 5. c4 Bg7 6. Be3 Nf6 7. Nc3 0-0 8. Be2 d6 9. 0-0 Bd7 10. f3 Nxd4 11. Bxd4 Bc6 12. Qd2 Nd7 13. Nd5 a5 14. b3 Nc5 15. Rab1 e6 16. Bxg7 Kxg7 17. Ne3 Qe7 18. Rfd1 Rfd8 19. a3 Be8 20. b4 axb4 21. axb4 Na6 22. Ra1 Rab8 23. Qb2+ Qf6 24. Qb3 h5 25. g4 h4 26. Ra5 g5 27. Ng2 Qe7 28. Qc3+ Kg8 29. f4 f6 30. fxg5 fxg5 31. Qd2 e5 32. Ne3 Bg6 33. Nd5 Qg7 34. Qxg5 Rf8 35. Ne7+ Kh7 36. Qxh4+ Qh6 37. Qxh6+ Kxh6 38. Rxd6 1-0

[Event "Barcelona Paredes Memorial 19th"]
[Site "Barcelona"]
[Date "2017.05.27"]
[Round "6"]
[White "Lacasta Palacio, Joaquim"]
[Black "Povill Claros, Laura"]
[Result "1-0"]
[WhiteElo "2090"]
[BlackElo "1818"]
[PlyCount "81"]
[EventDate "2017.04.22"]
[EventType "swiss"]
[EventRounds "9"]
[EventCountry "ESP"]
[SourceTitle "EXT 2018"]
[Source "ChessBase"]
[SourceDate "2017.10.13"]
[SourceVersion "1"]
[SourceVersionDate "2017.10.13"]
[SourceQuality "1"]

1. e4 d5 2. exd5 Qxd5 3. Nc3 Qd6 4. d4 Nf6 5. g3 a6 6. Bg2 Nc6 7. Nge2 Bg4 8. f3 Bh5 9. Bf4 Qd7 10. Qd2 0-0-0 11. Rd1 e6 12. a3 h6 13. b4 Nd5 14. Nxd5 Qxd5 15. 0-0 e5 16. dxe5 Qxd2 17. Rxd2 Rxd2 18. Bxd2 Nxe5 19. Nf4 Bg6 20. Bc3 Nc4 21. Nxg6 fxg6 22. Bh3+ Kb8 23. Re1 Nd6 24. Kg2 g5 25. Bd4 b5 26. Bd7 Kb7 27. a4 bxa4 28. Bxa4 Nf5 29. Bf2 Bd6 30. c3 Rf8 31. Bc2 Rf7 32. Be4+ c6 33. Ra1 Be5 34. b5 Ne7 35. Rxa6 Bxc3 36. Ra7+ Kc8 37. bxc6 Be5 38. Bc5 Kd8 39. Bb6+ Kc8 40. Ra8+ Bb8 41. c7 1-0

[Event "La Pobla de Lillet op 27th"]
[Site "La Pobla de Lillet"]
[Date "2017.??.??"]
[Round "5"]
[White "Palacios Herrero, Pablo"]
[Black "Povill Claros, Laura"]
[Result "0-1"]
[WhiteElo "2095"]
[BlackElo "1779"]
[PlyCount "88"]
[EventDate "2017.08.01"]
[EventType "tourn"]
[EventRounds "9"]
[EventCountry "ESP"]
[SourceTitle "CBM 179 Extra"]
[Source "ChessBase"]
[SourceDate "2017.08.23"]
[SourceVersion "1"]
[SourceVersionDate "2017.08.23"]
[SourceQuality "1"]

1. e4 c5 2. Nf3 Nc6 3. d4 cxd4 4. Nxd4 g6 5. Nc3 Bg7 6. Be3 Nf6 7. Bc4 Qa5 8. 0-0 0-0 9. Bb3 d6 10. h3 Bd7 11. f4 Nxd4 12. Bxd4 Bc6 13. Qd3 Nd7 14. Bxg7 Kxg7 15. Qd4+ Kg8 16. Kh1 Qc5 17. Qd2 Rac8 18. Rae1 b5 19. Nd5 Bxd5 20. exd5 Rfe8 21. Rf3 Rc7 22. f5 Ne5 23. Rxe5 dxe5 24. fxg6 hxg6 25. d6 exd6 26. Qh6 d5 27. h4 Qd4 28. c3 Qe4 29. Re3 Qf5 30. Bxd5 Qh5 31. Qxh5 gxh5 32. Bf3 f5 33. Bxh5 Re6 34. Be2 a6 35. Bd1 Kg7 36. a4 e4 37. g3 Rd6 38. Bb3 Rd2 39. g4 Rxb2 40. Be6 f4 41. Rxe4 Rxc3 42. Re1 Re3 43. Rxe3 fxe3 44. Kg1 Rb1+ 0-1

[Event "ESP-ch U14"]
[Site "Granada"]
[Date "2016.07.16"]
[Round "9"]
[White "Povill Claros, Laura"]
[Black "Gomez Carreno, Martin"]
[Result "1/2-1/2"]
[WhiteElo "1418"]
[BlackElo "1883"]
[PlyCount "82"]
[EventDate "2016.07.11"]
[EventType "swiss"]
[EventRounds "9"]
[EventCountry "ESP"]
[SourceTitle "EXT 2024"]
[Source "ChessBase"]
[SourceDate "2023.10.10"]
[SourceVersion "1"]
[SourceVersionDate "2023.10.10"]
[SourceQuality "1"]

1. e4 Nc6 2. Nf3 d6 3. d4 Nf6 4. Nc3 Bg4 5. Be3 e6 6. h3 Bh5 7. d5 Ne5 8. g4 Nxf3+ 9. Qxf3 Bg6 10. Bg2 exd5 11. exd5 Be7 12. 0-0-0 Qd7 13. Qe2 a6 14. Bd4 0-0-0 15. f4 h6 16. Bf3 Rde8 17. Qf2 Kb8 18. Rde1 Rhg8 19. Re3 h5 20. g5 Nh7 21. Be4 Bxe4 22. Rxe4 Bd8 23. Rxe8 Qxe8 24. Re1 Qd7 25. Qf3 g6 26. Qe3 Qf5 27. Kb1 f6 28. h4 fxg5 29. fxg5 Rf8 30. a3 Qg4 31. Rh1 Qg2 32. Qg1 Qxg1+ 33. Bxg1 Rf1+ 34. Ka2 Nxg5 35. Ba7+ Kxa7 36. Rxf1 Nh3 37. Rh1 Nf2 38. Rh2 Ng4 39. Rh3 Nf2 40. Rg3 Ng4 41. Rh3 Nf2 1/2-1/2

[Event "Foment Martinenc op-B 18th"]
[Site "Barcelona"]
[Date "2016.06.11"]
[Round "8"]
[White "Domenche Redondo, Francesco"]
[Black "Povill Claros, Laura"]
[Result "1-0"]
[WhiteElo "1662"]
[BlackElo "1483"]
[PlyCount "103"]
[EventDate "2016.04.23"]
[EventType "swiss"]
[EventRounds "9"]
[EventCountry "ESP"]
[SourceTitle "EXT 2017"]
[Source "ChessBase"]
[SourceDate "2016.10.25"]
[SourceVersion "1"]
[SourceVersionDate "2016.10.25"]
[SourceQuality "1"]

1. d4 Nf6 2. Nf3 g6 3. c4 Bg7 4. Nc3 d5 5. e3 0-0 6. Be2 dxc4 7. Bxc4 c5 8. 0-0 cxd4 9. Nxd4 Qc7 10. Qb3 a6 11. a4 Nc6 12. Nxc6 Qxc6 13. Rd1 e6 14. Bd2 Bd7 15. Be2 Qc7 16. Rac1 Bc6 17. Qc4 Qe7 18. Qh4 Rfd8 19. Be1 Rxd1 20. Rxd1 Rd8 21. Rxd8+ Qxd8 22. Qc4 Qb6 23. b4 Qd8 24. b5 axb5 25. axb5 Bd7 26. Bf3 Bc8 27. Na4 Nd7 28. Bc3 Bxc3 29. Qxc3 b6 30. h3 Nf8 31. Qc6 Nd7 32. Qd6 Qf8 33. Qc7 Qe8 34. Bc6 Qf8 35. Bxd7 Bxd7 36. Qxd7 Qa8 37. Nxb6 Qa1+ 38. Kh2 Qe5+ 39. g3 Qf5 40. Qd8+ Kg7 41. Qd4+ Kg8 42. Qf4 Qxb5 43. Nc4 Qc6 44. Ne5 Qb7 45. Qf6 Qc7 46. Ng4 h5 47. Nh6+ Kf8 48. Qh8+ Ke7 49. Qg7 Kd6 50. Nxf7+ Kd5 51. Qd4+ Kc6 52. Qc4+ 1-0

[Event "Foment Martinenc op-B 17th"]
[Site "Barcelona"]
[Date "2015.05.16"]
[Round "4"]
[White "Brunet Gil, Pol"]
[Black "Povill Claros, Laura"]
[Result "1-0"]
[WhiteElo "1927"]
[BlackElo "1848"]
[PlyCount "67"]
[EventDate "2015.04.25"]
[EventType "swiss"]
[EventRounds "9"]
[EventCountry "ESP"]
[SourceTitle "EXT 2017"]
[Source "ChessBase"]
[SourceDate "2016.10.25"]
[SourceVersion "1"]
[SourceVersionDate "2016.10.25"]
[SourceQuality "1"]

1. e4 c5 2. Nf3 Nc6 3. d4 cxd4 4. Nxd4 g6 5. c4 Bg7 6. Be3 Nf6 7. Nc3 d6 8. Be2 Bd7 9. 0-0 0-0 10. b3 a6 11. Rc1 Rc8 12. Qd2 Re8 13. Rc2 Qc7 14. Rfc1 b6 15. f3 Qb7 16. Nd5 Nxd5 17. cxd5 Ne5 18. h3 f6 19. f4 Nf7 20. Nc6 Nd8 21. Qd3 b5 22. Na5 Qa8 23. Rxc8 Bxc8 24. Qc2 Nb7 25. Qc6 Rf8 26. Nxb7 Bxb7 27. Qd7 Bc8 28. Qxe7 Rf7 29. Qd8+ Rf8 30. Qxd6 Re8 31. Bf3 Bb7 32. Rc7 Rc8 33. Qe7 Rxc7 34. Qxc7 1-0

[Event "Barcelona Catalunya op 26th"]
[Site "Barcelona"]
[Date "2014.11.22"]
[Round "8"]
[White "Ribes Colom, Jose Maria"]
[Black "Povill Claros, Laura"]
[Result "0-1"]
[WhiteElo "1853"]
[BlackElo "1911"]
[PlyCount "90"]
[EventDate "2014.09.27"]
[EventType "swiss"]
[EventRounds "9"]
[EventCountry "ESP"]
[SourceTitle "EXT 2017"]
[Source "ChessBase"]
[SourceDate "2016.10.25"]
[SourceVersion "1"]
[SourceVersionDate "2016.10.25"]
[SourceQuality "1"]

1. Nf3 c5 2. g3 Nc6 3. Bg2 g6 4. 0-0 Bg7 5. c4 Nf6 6. Nc3 0-0 7. e3 a6 8. d4 cxd4 9. exd4 e6 10. Bg5 h6 11. Bf4 d5 12. c5 Ne7 13. h3 b6 14. b4 a5 15. a3 Nc6 16. b5 Ne7 17. c6 Nf5 18. g4 Nd6 19. Ne5 Qc7 20. Qd2 Kh7 21. a4 Qe7 22. Rac1 Ra7 23. Rfd1 Qd8 24. Qa2 h5 25. g5 Ng8 26. Ne2 Ne7 27. h4 Nef5 28. Bg3 Nxg3 29. Nxg3 Nf5 30. Nxf5 gxf5 31. f4 Kg8 32. Bf3 f6 33. Ng6 Re8 34. Bxh5 Qd6 35. gxf6 Bxf6 36. Ne5 Ree7 37. Qf2 Rh7 38. Be8 Bxh4 39. Qe3 Rag7+ 40. Kf1 Bf6 41. Ke2 Rh2+ 42. Kd3 Bxe5 43. dxe5 Qa3+ 44. Rc3 Qxa4 45. c7 Qxd1+ 0-1

[Event "Barcelona Catalunya op 26th"]
[Site "Barcelona"]
[Date "2014.10.18"]
[Round "4"]
[White "Carbajal Gutierrez, Sergi Robert"]
[Black "Povill Claros, Laura"]
[Result "1-0"]
[WhiteElo "1800"]
[BlackElo "1911"]
[PlyCount "113"]
[EventDate "2014.09.27"]
[EventType "swiss"]
[EventRounds "9"]
[EventCountry "ESP"]
[SourceTitle "EXT 2017"]
[Source "ChessBase"]
[SourceDate "2016.10.25"]
[SourceVersion "1"]
[SourceVersionDate "2016.10.25"]
[SourceQuality "1"]

1. d4 d5 2. c4 dxc4 3. Nc3 e6 4. Bf4 Nf6 5. e3 Be7 6. Bxc4 0-0 7. Nf3 c5 8. 0-0 b6 9. dxc5 Qxd1 10. Rfxd1 Bxc5 11. Bd6 Bxd6 12. Rxd6 Bb7 13. Ne5 Na6 14. Nd7 Nxd7 15. Rxd7 Nc5 16. Rdd1 Rfd8 17. h3 h6 18. b4 Ne4 19. Nxe4 Bxe4 20. Bb3 Rac8 21. Rxd8+ Rxd8 22. f3 Bd5 23. Rd1 Kf8 24. e4 Bxb3 25. Rxd8+ Ke7 26. Ra8 Bc4 27. Rxa7+ Kf6 28. f4 e5 29. f5 Kg5 30. g3 h5 31. Kf2 h4 32. Re7 hxg3+ 33. Kxg3 Kf6 34. Rb7 b5 35. h4 g6 36. Rb6+ Kg7 37. fxg6 fxg6 38. Kg4 Kh6 39. h5 Be2+ 40. Kh4 Bd3 41. Rxg6+ Kh7 42. Rb6 Kg7 43. Re6 Bxe4 44. Rxe5 Bb1 45. a3 Bd3 46. Kg5 Kf7 47. h6 Kg8 48. Re7 Kh8 49. Rb7 Kg8 50. h7+ Kh8 51. Kh6 Bxh7 52. Rxh7+ Kg8 53. Kg6 Kf8 54. Kf6 Kg8 55. Rc7 Kh8 56. Kg6 Kg8 57. Rc8# 1-0

[Event "Foment Martinenc op-C 16th"]
[Site "Barcelona"]
[Date "2014.05.24"]
[Round "5"]
[White "Medinilla Moya, Dafne"]
[Black "Povill Claros, Laura"]
[Result "0-1"]
[WhiteElo "1728"]
[BlackElo "1796"]
[PlyCount "84"]
[EventDate "2014.04.26"]
[EventType "swiss"]
[EventRounds "9"]
[EventCountry "ESP"]
[SourceTitle "EXT 2015"]
[Source "ChessBase"]
[SourceDate "2014.11.20"]
[SourceVersion "1"]
[SourceVersionDate "2014.11.20"]
[SourceQuality "1"]

1. d4 d5 2. Nf3 e6 3. Bf4 Nd7 4. e3 c5 5. Be2 Ngf6 6. Ne5 Nxe5 7. dxe5 Nd7 8. 0-0 g6 9. Nc3 Bg7 10. Bb5 a6 11. Bxd7+ Qxd7 12. Qd3 Qc7 13. e4 d4 14. Ne2 Bxe5 15. Qg3 Bxf4 16. Qxf4 Qxf4 17. Nxf4 0-0 18. c3 dxc3 19. bxc3 b5 20. Rfc1 Bb7 21. c4 b4 22. Nd3 Rac8 23. f3 a5 24. a3 b3 25. a4 Rfd8 26. Rc3 Ba6 27. Rb1 Bxc4 28. Nb2 Ba6 29. Nc4 Bxc4 30. Rxc4 Rd3 31. Rcc1 c4 32. Rd1 Rxd1+ 33. Rxd1 b2 34. Kf2 Rb8 35. Rb1 c3 36. Ke2 c2 37. Rxb2 Rxb2 38. Kd2 c1Q+ 39. Kxc1 Rxg2 40. h4 Rf2 41. f4 Kf8 42. e5 Ke7 0-1